| 000 | 00970nam a2200313 a 4500 | ||
|---|---|---|---|
| 001 | vtls000823522 | ||
| 003 | NLI | ||
| 005 | 20210627055920.0 | ||
| 008 | 110331s1962 enkac 001 0 eng | ||
| 039 | 9 |
_y201103312013 _zDatasoft |
|
| 040 | 0 |
_aNLI _beng _cRetro_DSC 1 _eAACR2 |
|
| 041 | 0 | _aeng | |
| 044 | _aenk | ||
| 082 | 0 | 4 | _a294.3 |
| 100 | 1 |
_aHumphreys, Christmas, _d1901-1983 _9803680 |
|
| 245 | 1 | 0 |
_aBuddhism / _cChristmas Humphreys |
| 250 | _a[Rev. ed.] | ||
| 260 |
_aLondon : _bCassell, _c1962 |
||
| 300 |
_a255 p. : _bill., ports. ; _c21 cm. |
||
| 440 | 4 |
_aThe Belle sauvage library _9696465 |
|
| 504 | _aIncludes bibliographical references and index | ||
| 650 | 0 |
_aBuddha and Buddhism _xHistory _9797576 |
|
| 710 | 2 |
_aJadunath Sarkar Collection (National Library, India) _9797740 |
|
| 887 | _a | ||
| 901 |
_aJ. S. 721 _b15.4.1972 |
||
| 902 | _aJ.S 294.3 H 888 | ||
| 949 |
_AVIRTUAITEM _D10000 _X100 _6GJS000000721ENG |
||
| 942 |
_2ddc _cBKS |
||
| 999 |
_aVIRTUA40 _c671969 _d671969 |
||